000 01017nam a2200265 a 4500
001 BRL_247
005 20190320210643.0
008 080713s1969----mx-a######---#000-0#spa-#
041 _aspa
044 _amx
050 4 _aBX4610
_b.S27 1969
100 1 _aSariñana y Cuenca, Isidro
_d1631-1696
_912084
245 1 0 _aLa catedral de México en 1668
_bnoticia breve de la solemne, deseada, última dedicación del Templo Metropolitano de México
_cIsidro Sariñana ; edición de Francisco de la Maza.
250 _a2
260 _aMéxico
_bUNAM, Instituto de Investigaciones Estéticas
_c1969
300 _a55 p.
_bil., 4 láminas
_c23 cm.
500 _aSuplemento 2 del núm. 37 de los Anales del Instituto de Investigaciones Estéticas
500 _aEstado físico: material intonso
500 _aVer también CFG56 (GFM)
500 _aAu263
650 1 4 _aAcademias, sociedades doctas, etc.
_vRevista
_zMéxico
_912085
700 1 _aMaza, Francisco de la
_d1913-1972
_eed.
_9278
902 _aGRL
942 _2lcc
_cB
999 _c9060
_d9060